Tratado de Medicina Legal y ciencias afines: para médicos y abogados (Registro nro. 2584)

Detalles MARC
000 -Cabecera
Campo de control de longitud fija 00818aam a2200313 4500
005 - Fecha y hora de la última transacción
Campo de control 20250602154729.0
008 - Elementos de longitud fija--Información general
Campo de control de longitud fija 150603b2011 xxu||||| |||| 00| 0 spa d
020 ## - International Standard Book Number
Número Internacional Estándar del Libro (ISBN) 9789875271500
041 ## - Idioma
Código de idioma Español
082 ## - Clasificación Decimal Dewey
Número de clasificación 614.1 B311t
100 ## - Entrada principal--Autor personal
Nombre personal Basile, Alejandro Antonio
9 (RLIN) 5217
245 ## - Título propiamente dicho
Título Tratado de Medicina Legal y ciencias afines: para médicos y abogados
260 ## - Pie de imprenta
Lugar de publicación, distribución, etc. Argentina
260 ## - Pie de imprenta
Nombre del editor, distribuidor, etc. Juridicas Cuyo
260 ## - Pie de imprenta
Fecha de publicación, distribución, etc. 2011
300 ## - Descripción física
Extensión 878 páginas
650 ## - Materia general
Temática (materia general) MEDICINA LEGAL
650 ## - Materia general
Temática (materia general) LESIONOLOGÍA
650 ## - Materia general
Temática (materia general) PATOLOGÍA MÉDICO LEGAL
650 ## - Materia general
Temática (materia general) BALÍSTICA
650 ## - Materia general
Temática (materia general) TANATOLOGÍA
650 ## - Materia general
Temática (materia general) AGONOLOGÍA
650 ## - Materia general
Temática (materia general) ASFIXIOLOGÍA
650 ## - Materia general
Temática (materia general) HISTOPATOLOGÍA FORENSE
650 ## - Materia general
Temática (materia general) TRAUMATISMOS
650 ## - Materia general
Temática (materia general) SEXOLOGÍA FORENSE
942 ## - Punto de acceso adicional KOHA
Tipo de ítem KOHA Libro
Fuente del sistema de clasificación o colocación Dewey Decimal Classification
Existencias
Signatura completa Código de barras Programa Académico Tipo de ítem
614.1 B311t 15647 Investigación Criminal Libro
614.1 B311t 20493 Investigación Criminal Libro